Statistics for Bodies of Water from Kuwait City to the Ocean

Click here to take the quiz!

General Stats

  • This quiz has been taken 93 times
  • The average score is 5 of 6

Answer Stats

Body of Water% Correct
{Persian} Gulf
99%
{Arabian} Sea
95%
{Indian} Ocean
95%
Gulf of {Oman}
75%
{Kuwait} Bay
74%
Strait of {Hormuz}
69%

Score Distribution

Percentile by Number Answered

Percent of People with Each Score

Your Score History

You have not taken this quiz